Taylor Swift or Ariana Grande Songs - Statistics

General Stats
  • This quiz has been taken 128 times
  • The average score is 11 of 12
Answer Stats
Hint Answer % Correct
Popular Ariana Grande
98%
7 Rings Ariana Grande
98%
Dear John Taylor Swift
96%
The Way I Loved You Taylor Swift
95%
End Game Taylor Swift
95%
Bye Ariana Grande
93%
The Way Ariana Grande
93%
Paper Rings Taylor Swift
93%
Mr. Perfectly Fine Taylor Swift
91%
Monopoly Ariana Grande
90%
Bloodline Ariana Grande
90%
Bye Bye Baby Taylor Swift
82%
No matching quizzes found
Score Distribution
Percent of People with Each Score
Percentile by Number Answered
Your Score History
You have not taken this quiz